000 01376nam a2200265 i 4500
001 153199
003 ES-MaACL
005 20251003165202.0
008 040719s1874 fr f |||| | fre d
245 0 0 _aColonie agricole de Mettray
_b: inauguration des bustes de MM. de Courteilles et Demetz, fondateurs de la colonie : 3 mai 1874.
260 _aTours :
_b[s.n.],
_c[1874] (
_fImp. Ladeveze)
300 _a19 p., [1] h. lám. ;
_c21 cm.
594 _aPrecede al tít.: Société Paternelle.
594 _aTit. tomado de comienzo del texto.
599 _aLa h. de lám., representación de la colonia.
610 2 4 _aColonie agricole et pénitentiaire de Mettray.
_9167004
650 4 _aReformatorios-
_zFrancia.
_9167005
700 1 _aDemetz, Frédéric Auguste,
_d1796-1873
_9148483
852 _aES-MaACL
_jD-237(3)
_9158767
_bR.M.214/3
_cSVI
_dOlim: 193-F-11
_fSello en tinta en la portada del primer volumen : "Donativo del Sr. Lastres al Ateneo de Madrid 1907"
_hDonación: Francisco Lastres y Juiz
_xEncuadernado con otras obras formando un volumen facticio
852 _aES-MaACL
_jD-221(6)
_z.- Forma parte de la col. facticia: "Estudios penitenciarios"
_z.- Donativo Lastres
_q.- Sin la hoja de lám.
903 _aLastres y Juiz, Francisco,
_d1848-1918
_q1
_ednr
_970504
942 _2udc
_cFOLLETOS
999 _c153199
_d153199